There’s A Good Reason... - Panic! At The Disco - All Lyrics - Statistics

General Stats
  • This quiz has been taken 77 times
  • The average score is 375 of 410
Answer Stats
Answer % Correct
a
100%
I
100%
you
100%
be
97%
bet
97%
better,
97%
better
97%
can't
97%
he
97%
I’m
97%
I'm
97%
"I'm
97%
it
97%
look
97%
looked
97%
never
97%
Never
97%
new
97%
oh,
97%
Oh,
97%
the
97%
the,
97%
to
97%
whoa-oh
97%
with
97%
all
95%
and
95%
and...
95%
And
95%
cancer,
95%
cancer?
95%
From
95%
get
95%
in
95%
is
95%
of
95%
out
95%
out,
95%
stand
95%
that
95%
under
95%
your
95%
did
92%
every
92%
for
92%
happen
92%
hats
92%
I’ve
92%
just
92%
moment,
92%
nitroglycerin
92%
on
92%
place
92%
so
92%
So,
92%
top
92%
you'll
92%
are,
89%
are
89%
breath
89%
canes,
89%
diva!"
89%
doorman
89%
Haven’t
89%
Haven't
89%
heard
89%
keep
89%
(keep
89%
laced
89%
leave
89%
like
89%
lips,
89%
loving
89%
minute
89%
no
89%
overcoats,
89%
Please
89%
sh...
89%
them,
89%
this
89%
under-dressed
89%
up
89%
up)
89%
When
89%
"When
89%
when
89%
already,
86%
inspiring,
86%
know,
86%
know
86%
mildly
86%
mirror,
86%
name
86%
one
86%
Ruining
86%
telling
86%
They
86%
tonight,
86%
yourself
86%
according
84%
back
84%
been
84%
box
84%
cheap,
84%
cigarette
84%
confident?"
84%
Everything
84%
fashionistas
84%
feel
84%
goes
84%
night
84%
plan
84%
room
84%
say
84%
table
84%
banquet
81%
course,
81%
punch
81%
punch!
81%
sizing
81%
tears
81%
whispering
81%
doesn't
78%
evening
78%
pinstripes,
78%
reading
78%
Talk
78%
wrecking
78%
you're
78%
You’re
78%
accentuating
76%
Because
76%
campaign
76%
ladies'
76%
off-white
76%
spike
76%
Next
73%
smokes
73%
surreptitious
73%
trip
73%
vain,
73%
black
70%
choke
70%
distracted
70%
these
68%
slacks
65%
No matching quizzes found
Score Distribution
Percent of People with Each Score
Percentile by Number Answered
Your Score History
You have not taken this quiz